000 00760nam a2200229 a 4500
008
049 _aMAIN
090 _aHQ792.2
_bSIT
245 1 0 _aSituation analysis of children and women in Zimbabwe:
_ban update (2011-2014) /
_ccompiled by Marcio A. Carvalho and Kudzai Chatiza.
260 _a[Harare?] :
_bUNICEF,
_c2015.
300 _axxii, 162 p.:
_bcol. ill. ;
_c30 cm.
500 _aIncludes bibliographical references.
650 _aWomen
_xSocial conditions.
650 _aChildren
_xSocial conditions.
700 _aChatiza, Kudzai.
700 _aCarvalho, Marcio A.
907 _a.b10375934
_b24-05-17
_c28-09-16
003
005 20230123122232.0
040 _cNUST
942 _cBOOKS
_kHQ792.2
_mSIT
999 _c130137
_d130137